[Event "8 Player Open 8"]
[Site "SchemingMind.com"]
[Date "2014.07.21"]
[Round "-"]
[White "simpet"]
[Black "emvarela"]
[Result "0-1"]
[WhiteCountry "ENG"]
[BlackCountry "ARG"]
[WhiteElo "1690"]
[WhiteRD "61"]
[BlackElo "1686"]
[BlackRD "48"]
[GameID "361799"]

1. e4 e5 2. Bc4 c6 3. d3 Nf6 4. Nc3 Bb4 5. Bd2 Bxc3 6. Bxc3 d6 7. Nf3 Bg4 8. O-O O-O 9. h3 Bxf3 10. Qxf3 Nbd7
11. Rad1 b5 12. Bb3 a5 13. a3 a4 14. Ba2 Nb6 15. Qe2 Re8 16. f4 exf4 17. Rxf4 d5 18. Qf3 d4 19. Bb4 Re5 20. Rf5 Rxf5
21. Qxf5 Qd7 22. Rf1 Qxf5 23. Rxf5 Nbd7 24. e5 Nd5 25. Bd6 g6 26. Rf1 Ra7 27. Rc1 Nf4 28. Rf1 Ne6 29. h4 Nb6 30. Bxe6 fxe6
31. Rf4 Nd5 32. Rxd4 Ne3 33. Bc5 Rc7 34. c3 Nf5 35. Rd8+ Kg7 36. Bf2 c5 37. g4 Ne7 38. Be3 Nd5 39. Bg5 h6 40. c4 hxg5
41. cxd5 exd5 42. hxg5 d4 43. Kg2 Kf7 44. Kf3 c4 45. Ke4 c3 46. Rxd4 c2 47. Rd6 c1=Q
0-1

[Event "8 Player Open 8"]
[Site "SchemingMind.com"]
[Date "2014.07.23"]
[Round "-"]
[White "emvarela"]
[Black "SAMAEL"]
[Result "1-0"]
[WhiteCountry "ARG"]
[BlackCountry "CAN"]
[WhiteElo "1686"]
[WhiteRD "48"]
[BlackElo "1548"]
[BlackRD "46"]
[GameID "361800"]

1. e4 e5 2. Nf3 d6 3. d4 exd4 4. Nxd4 Nf6 5. Nc3 Bd7 6. Bg5 Be7 7. Bxf6 Bxf6 8. Be2 O-O 9. Qd3 Nc6 10. Nxc6 Bxc6
11. O-O-O Re8 12. f4 Bxc3 13. Qxc3 Bxe4 14. Bf3 Qc8 15. Bxe4 Rxe4 16. g3 c6 17. Rxd6= Qe8 18. Rhd1 Re6 19. Rxe6
1-0

[Event "8 Player Open 8"]
[Site "SchemingMind.com"]
[Date "2014.07.26"]
[Round "-"]
[White "SAMAEL"]
[Black "emvarela"]
[Result "0-1"]
[WhiteCountry "CAN"]
[BlackCountry "ARG"]
[WhiteElo "1548"]
[WhiteRD "46"]
[BlackElo "1686"]
[BlackRD "48"]
[GameID "361801"]

1. e4 e5 2. Nf3 Nc6 3. Be2 d5 4. exd5 Qxd5 5. Nc3 Qe6 6. O-O h6 7. Re1 Nf6 8. d3 Bd6 9. h3 Bd7 10. Nh2 O-O-O
11. Ng4 Nxg4 12. Bxg4 Qg6 13. Bxd7+ Rxd7 14. a3 Re8 15. Ne4 f5 16. Nxd6+ cxd6 17. Bd2 e4
0-1

[Event "8 Player Open 8"]
[Site "SchemingMind.com"]
[Date "2014.07.23"]
[Round "-"]
[White "emvarela"]
[Black "howardjp"]
[Result "1-0"]
[WhiteCountry "ARG"]
[BlackCountry "USA"]
[WhiteElo "1686"]
[WhiteRD "48"]
[BlackElo "1465"]
[BlackRD "115"]
[GameID "361802"]

1. e4 e5 2. Nf3 Nf6 3. Nxe5 d6 4. Nf3 Bg4 5. h3 Be6 6. Nc3 d5 7. exd5 Bxd5 8. Nxd5 Qxd5 9. d3 Bb4+ 10. c3 Bc5
11. d4 Qe4+ 12. Be3 Bd6 13. Bd3 Qe6 14. O-O O-O 15. Re1 b5 16. Bxb5 c6 17. Bd3 Re8 18. Qd2 Nbd7 19. Ng5 Qe7 20. Bc4 h6
21. Nxf7 Nb6 22. Nxd6+ Kf8 23. Nxe8 Nxc4 24. Qc2 Rb8 25. Nxf6 Qxf6 26. b3 Na3 27. Qc1 c5 28. dxc5 Qc6 29. Qxa3 g5 30. Bd4 Kf7
31. Re3 Rf8 32. Qxa7+ Kg6 33. Qg7+ Kh5 34. Qxf8 g4 35. Qf5+ Kh4 36. Qxg4#
1-0

[Event "8 Player Open 8"]
[Site "SchemingMind.com"]
[Date "2014.07.21"]
[Round "-"]
[White "howardjp"]
[Black "emvarela"]
[Result "1-0"]
[WhiteCountry "USA"]
[BlackCountry "ARG"]
[WhiteElo "1487"]
[WhiteRD "116"]
[BlackElo "1627"]
[BlackRD "46"]
[GameID "361803"]

1. d4 Nf6 2. e4 Nxe4 3. Nf3 d5 4. Bb5+ c6 5. O-O cxb5 6. Qd3 Bd7 7. Bg5 Nxg5 8. Nxg5 f6 9. a4 bxa4 10. b3 fxg5
11. bxa4 Nc6 12. c4 dxc4 13. Qxc4 Rc8 14. f4 gxf4 15. Rxf4 e6 16. Nc3 Bd6 17. Raf1
1-0

[Event "8 Player Open 8"]
[Site "SchemingMind.com"]
[Date "2014.07.22"]
[Round "-"]
[White "alexyongpohweng"]
[Black "fouche"]
[Result "0-1"]
[WhiteCountry "MAS"]
[BlackCountry "COL"]
[WhiteElo "1148"]
[WhiteRD "51"]
[BlackElo "1636"]
[BlackRD "59"]
[GameID "361817"]

1. e4 e5 2. Qh5 Nc6 3. Bc4 Qe7 4. Qe2 Nf6 5. c3 d6 6. Nf3 Be6 7. O-O O-O-O 8. Bxe6+ Qxe6 9. Ng5 Qd7 10. Nf3 Kb8
11. Na3 h6 12. Nc4 Be7 13. b3 Qg4 14. h3 Qxe4 15. Qxe4 Nxe4 16. Ne3 g6 17. Bb2 f5 18. d3 Nf6 19. Nd2 g5
0-1

[Event "8 Player Open 8"]
[Site "SchemingMind.com"]
[Date "2014.07.22"]
[Round "-"]
[White "fouche"]
[Black "alexyongpohweng"]
[Result "1-0"]
[WhiteCountry "COL"]
[BlackCountry "MAS"]
[WhiteElo "1636"]
[WhiteRD "59"]
[BlackElo "1148"]
[BlackRD "51"]
[GameID "361818"]

1. c4 c5 2. Nc3 Nf6 3. d3 h6 4. Nf3 g6 5. g3 Bg7 6. Bg2 O-O 7. O-O Nc6 8. a3 b6 9. Be3 Bb7 10. d4 cxd4
11. Nxd4 e5 12. Ndb5 a6 13. Nd6 Rb8 14. b4 a5 15. b5 Ne7 16. Nxb7 Qc7 17. Nd6 Nf5 18. Nxf5 Qxc4 19. Ne7+
1-0

[Event "8 Player Open 8"]
[Site "SchemingMind.com"]
[Date "2014.07.21"]
[Round "-"]
[White "fouche"]
[Black "Talis"]
[Result "0-1"]
[WhiteCountry "COL"]
[BlackCountry "LTU"]
[WhiteElo "1653"]
[WhiteRD "58"]
[BlackElo "2405"]
[BlackRD "126"]
[GameID "361819"]

1. d4 Nf6 2. Nf3 e6 3. c4 b6 4. Nc3 Bb4 5. Bd2 Bb7 6. e3 O-O 7. Be2 d6 8. O-O Nbd7 9. a3 Bxc3 10. bxc3 Ne4
11. Qc2 f5 12. a4 a5 13. Rfe1 g5 14. Bc1 g4 15. Nd2 Nxf2 16. Kxf2 Qh4+ 17. Kg1 Qxe1+
0-1

[Event "8 Player Open 8"]
[Site "SchemingMind.com"]
[Date "2014.07.21"]
[Round "-"]
[White "Talis"]
[Black "fouche"]
[Result "1-0"]
[WhiteCountry "LTU"]
[BlackCountry "COL"]
[WhiteElo "2405"]
[WhiteRD "126"]
[BlackElo "1653"]
[BlackRD "58"]
[GameID "361820"]

1. e4 e6 2. d4 d5 3. Nd2 dxe4 4. Nxe4 Nf6 5. Nxf6+ Qxf6 6. Nf3 Qe7 7. c3 Nd7 8. Bd3 Nf6 9. O-O Bd7 10. Re1 O-O-O
11. Ne5 Nd5 12. c4 Nf6 13. Be3 Kb8 14. Qf3 Bc8 15. b4 Nd7 16. Nxf7 Nf6 17. Nxh8 g6 18. Nxg6 hxg6 19. a3 Qg7 20. Qg3 Bd6
21. Qxg6 Qe7 22. Bg5 Rg8 23. Qxg8 Bxh2+ 24. Kh1
1-0

[Event "8 Player Open 8"]
[Site "SchemingMind.com"]
[Date "2014.07.22"]
[Round "-"]
[White "emvarela"]
[Black "fouche"]
[Result "0-1"]
[WhiteCountry "ARG"]
[BlackCountry "COL"]
[WhiteElo "1627"]
[WhiteRD "46"]
[BlackElo "1633"]
[BlackRD "57"]
[GameID "361822"]

1. e4 d6 2. d4 Nf6 3. Nc3 g6 4. f4 Bg7 5. Nf3 O-O 6. Bd3 Nbd7 7. O-O a6 8. Be3 c5 9. e5 dxe5 10. dxc5 exf4
11. Bxf4 Nxc5 12. Bc4 Bg4 13. h3 Bf5 14. Qxd8 Rfxd8 15. Bb3 Nxb3 16. cxb3 Nd5 17. Nxd5 Rxd5 18. Rf2 Rad8 19. g4 Be4 20. Re1 Bxf3
21. Rxf3 Bxb2 22. Rxe7 Rd1+ 23. Kg2 R1d7 24. Rxd7 Rxd7 25. Re3 Rd2+ 26. Kf3 Kg7 27. a4 Bd4 28. Be5+ Bxe5 29. Rxe5 Rd3+ 30. Re3 Rxe3+
31. Kxe3 Kf6 32. Kf4 h6 33. h4 Ke6 34. g5 hxg5+ 35. hxg5 Kd5
0-1

[Event "8 Player Open 8"]
[Site "SchemingMind.com"]
[Date "2014.07.21"]
[Round "-"]
[White "fouche"]
[Black "Scooter"]
[Result "0-1"]
[WhiteCountry "COL"]
[BlackCountry "USA"]
[WhiteElo "1653"]
[WhiteRD "58"]
[BlackElo "1759"]
[BlackRD "45"]
[GameID "361823"]

1. f4 f5 2. Nf3 Nc6 3. e3 b6 4. Be2 Bb7 5. O-O g6 6. b3 Bg7 7. Nc3 Nf6 8. Bb2 d6 9. h3 Qd7 10. d3 O-O-O
11. Qd2 e5 12. fxe5 Nxe5 13. d4 Nxf3+ 14. Bxf3 Ne4 15. Nxe4 Bxe4 16. c4 Rhf8 17. b4 Rfe8 18. a4 Bxf3 19. Rxf3 Re4 20. a5 Bh6
21. axb6 cxb6 22. c5 dxc5 23. bxc5 bxc5 24. Qa5 Bxe3+ 25. Rxe3 Rxe3 26. Qxc5+ Qc7 27. Qxc7+ Kxc7 28. Rxa7+ Kd6 29. Rxh7 Rb8 30. Kf2 Re6
31. Ba3+ Kd5 32. Bc5 Rb2+ 33. Kf3 Rb3+ 34. Kf2 Ra6 35. Rg7 Ke4 36. Re7+ Kf4 37. Re3 Rxe3
0-1

[Event "8 Player Open 8"]
[Site "SchemingMind.com"]
[Date "2014.07.22"]
[Round "-"]
[White "Scooter"]
[Black "fouche"]
[Result "1-0"]
[WhiteCountry "USA"]
[BlackCountry "COL"]
[WhiteElo "1759"]
[WhiteRD "45"]
[BlackElo "1653"]
[BlackRD "58"]
[GameID "361824"]

1. d4 d5 2. Nf3 c6 3. Bf4 Nd7 4. e3 Ngf6 5. Be2 Ne4 6. Nbd2 Ndf6 7. O-O Bg4 8. h3 Bh5 9. Nxe4 Nxe4 10. Nd2 Bxe2
11. Qxe2 Qd7 12. c3 O-O-O 13. Nxe4 dxe4 14. Qc2 f5 15. c4 e6 16. c5 h6 17. b4 g5 18. Be5 Bg7 19. Bxg7 Qxg7 20. a4 h5
21. b5 e5 22. dxe5 Qxe5 23. bxc6 bxc6 24. Rab1 Kc7 25. a5 Rb8 26. a6 Rxb1 27. Rxb1 Ra8 28. Rb7+ Kc8 29. Qb3 Qxc5 30. Qg8+
1-0

[Event "8 Player Open 8"]
[Site "SchemingMind.com"]
[Date "2014.07.22"]
[Round "-"]
[White "fouche"]
[Black "simpet"]
[Result "0-1"]
[WhiteCountry "COL"]
[BlackCountry "ENG"]
[WhiteElo "1653"]
[WhiteRD "58"]
[BlackElo "1650"]
[BlackRD "60"]
[GameID "361825"]

1. c4 Nf6 2. Nc3 Nc6 3. Nf3 e5 4. e4 Bc5 5. Bd3 O-O 6. O-O d6 7. a3 Bg4 8. h3 Bh5 9. Bc2 Nd4 10. d3 Bxf3
11. gxf3 Nxc2 12. Qxc2 Nh5 13. Kh2 Qh4 14. Ne2 Bxf2 15. Ng1 Bg3+ 16. Kh1 Rae8 17. Qg2 Re6 18. Be3 Rg6 19. Bf2 Nf4 20. Bxg3 Rxg3
0-1

[Event "8 Player Open 8"]
[Site "SchemingMind.com"]
[Date "2014.07.23"]
[Round "-"]
[White "simpet"]
[Black "fouche"]
[Result "0-1"]
[WhiteCountry "ENG"]
[BlackCountry "COL"]
[WhiteElo "1650"]
[WhiteRD "60"]
[BlackElo "1653"]
[BlackRD "58"]
[GameID "361826"]

1. e4 e5 2. Bc4 Nf6 3. Nc3 Bc5 4. d3 O-O 5. Nf3 d6 6. O-O a6 7. Bg5 Be6 8. Nd5 Nbd7 9. Nxf6+ Nxf6 10. c3 Bxc4
11. dxc4 h6 12. Bh4 Qe7 13. Nd2 Qe6 14. Kh1 a5 15. a4 g5 16. Bg3 Nh5 17. Qxh5 Qg6 18. Qg4 Rad8 19. Nb3 b6 20. Nxc5 bxc5
21. Rab1 f5 22. Rbe1 fxg4 23. Re3 h5 24. f3 gxf3 25. Rfxf3 Rxf3
0-1

[Event "8 Player Open 8"]
[Site "SchemingMind.com"]
[Date "2014.07.23"]
[Round "-"]
[White "fouche"]
[Black "SAMAEL"]
[Result "0-1"]
[WhiteCountry "COL"]
[BlackCountry "CAN"]
[WhiteElo "1633"]
[WhiteRD "57"]
[BlackElo "1775"]
[BlackRD "48"]
[GameID "361827"]

1. d4 d5 2. c4 e6 3. Nc3 Nf6 4. Bg5 Be7 5. Nf3 h6 6. Bh4 Nc6 7. e3 O-O 8. Bd3 Bd7 9. O-O a6 10. a3 dxc4
11. Bxc4 Na7 12. e4 Nh7 13. Bxe7 Qxe7 14. d5 Rfd8 15. Re1 Ng5 16. Nxg5 Qxg5 17. Re3 Qe7 18. Qe2 c5 19. e5 exd5 20. Nxd5 Qf8
21. Nc7 Rac8 22. Nd5 Be6 23. Rd1 b5 24. Nb6 Bxc4 25. Rxd8 Rxd8 26. Nxc4 bxc4 27. Qxc4 Rd1+
0-1

[Event "8 Player Open 8"]
[Site "SchemingMind.com"]
[Date "2014.07.25"]
[Round "-"]
[White "SAMAEL"]
[Black "fouche"]
[Result "1-0"]
[WhiteCountry "CAN"]
[BlackCountry "COL"]
[WhiteElo "1763"]
[WhiteRD "52"]
[BlackElo "1636"]
[BlackRD "59"]
[GameID "361828"]

1. c4 f5 2. Nf3 Nf6 3. e3 e6 4. d4 Be7 5. Be2 O-O 6. O-O d6 7. h3 c6 8. Nc3 Na6 9. a3 Nc7 10. Bd2 a6
11. b4 h6 12. Qb3 Kh7 13. a4 b5 14. axb5 cxb5 15. cxb5 axb5 16. Rxa8 Qd7 17. Ra7 Qc6 18. Rfa1 e5 19. dxe5 dxe5 20. Nxe5 Qb6
21. R7a5 Be6 22. Qb1 Rd8 23. Be1 Kg8 24. Nxb5 Nxb5 25. Rxb5
1-0

[Event "8 Player Open 8"]
[Site "SchemingMind.com"]
[Date "2014.07.23"]
[Round "-"]
[White "fouche"]
[Black "howardjp"]
[Result "1-0"]
[WhiteCountry "COL"]
[BlackCountry "USA"]
[WhiteElo "1636"]
[WhiteRD "59"]
[BlackElo "1482"]
[BlackRD "132"]
[GameID "361829"]

1. e4 Nf6 2. e5 d6 3. exf6 exf6 4. Nf3 Bg4 5. Be2 Qe7 6. O-O Nd7 7. Re1 O-O-O 8. d4 g5 9. c4 h5 10. b4 h4
11. a4 d5 12. c5 h3 13. b5 f5 14. Nc3 hxg2 15. Kxg2 Bh3+ 16. Kg1 Qe6 17. Bf1 Qh6 18. Ne5 Bd6 19. Bg2 Bg4 20. Nxg4 fxg4
21. cxd6 Qxh2+ 22. Kf1 Rde8 23. Rxe8+ Rxe8 24. dxc7 Kxc7 25. Nxd5+ Kd6 26. Ne3 g3 27. Ba3+ Ke6 28. Qg4+ Kf6 29. Nd5+ Kg7 30. Qxg5+ Kh7
31. fxg3 Rg8 32. Nf6+ Nxf6 33. Qxf6 Qh6 34. Qxf7+ Rg7 35. Be4+ Kh8 36. Qf8+ Rg8 37. Qxh6#
1-0

[Event "8 Player Open 8"]
[Site "SchemingMind.com"]
[Date "2014.07.23"]
[Round "-"]
[White "howardjp"]
[Black "fouche"]
[Result "0-1"]
[WhiteCountry "USA"]
[BlackCountry "COL"]
[WhiteElo "1482"]
[WhiteRD "132"]
[BlackElo "1636"]
[BlackRD "59"]
[GameID "361830"]

1. d4 d5 2. e4 dxe4 3. Bc4 e6 4. d5 exd5 5. Bxd5 Bd7 6. Ne2 Bb4+ 7. c3 Ba5 8. O-O Nc6 9. Bxe4 Nf6 10. Bf3 O-O
11. Bd5 Nxd5 12. Qxd5 Bb6 13. b3 Re8 14. Bb2 Rxe2 15. Qf3 Rxb2 16. Na3 Be6 17. Qd1 Qf6 18. Nb5 Rc8 19. Nxa7 Bxa7 20. Qc1 Rxf2
21. Rxf2 Qxf2+ 22. Kh1 Rd8 23. Rb1 Rd2 24. h4 Qxg2#
0-1